Almost Equatorial Countries Quiz Stats

 Plays Quiz Updated Sep 1, 2012

Challenge
Share
Tweet
Embed
Score 0/15 Timer 03:00
0 Plays Today
Distance to the Equator / Continent Country % Correct
4.2 km / South AmericaPeru
88%
72.1 km / South AmericaVenezuela
80.3%
129.5 km / South AmericaGuyana
73.5%
204.3 km / South AmericaSuriname
73.5%
92.4 km / AsiaMalaysia
58.8%
146.2 km / OceaniaPapua New Guinea
57.4%
234.5 km / South America/EuropeFrance
56.5%
117.2 km / AfricaRwanda
55.8%
Distance to the Equator / Continent Country % Correct
247.0 km / AfricaCentral African Republic
54.3%
109.5 km / AfricaTanzania
53.5%
183.8 km / AfricaCameroon
53.4%
129.7 km / AsiaSingapore
48.7%
255.5 km / AfricaBurundi
47.2%
55.9 km / OceaniaNauru
45.7%
102.9 km / AfricaEquatorial Guinea
41%

You're not logged in!

Compare scores with friends on all Sporcle quizzes.
OR
Log In

You Might Also Like...

Show Comments

Extras

Top Quizzes Today


Score Distribution

Your Account Isn't Verified!

In order to create a playlist on Sporcle, you need to verify the email address you used during registration. Go to your Sporcle Settings to finish the process.

Report this User

Report this user for behavior that violates our Community Guidelines.

Details: